| 000 | 00597nam a2200217Ia 4500 | ||
|---|---|---|---|
| 005 | 20260429111930.0 | ||
| 008 | 260429s9999||||xx |||||||||||||| ||und|| | ||
| 020 | _a9789390035366 | ||
| 041 | _aEnglish | ||
| 082 |
_a954.02 _bDUF |
||
| 100 | _aDuff, James Grant | ||
| 245 | 0 |
_aHistory of the Mahrattas, Vol. 2 / _cJames Grant Duff |
|
| 250 | _a1st ed. | ||
| 260 |
_aNew Delhi : _bManohar Publishers and Distributors, _c2024. |
||
| 300 | _axvi, 344 p.; hb | ||
| 440 | _vVol. 2 | ||
| 650 | _a India-History | ||
| 650 | _a Maharashtra-History | ||
| 650 | _aMarathas-History | ||
| 942 | _cTB | ||
| 999 |
_c51487 _d51487 |
||